Účtovná závierka podnikateľov za rok 2005
Enregistré dans:
| Auteur principal: | |
|---|---|
| Format: | Livre |
| Langue: | slovaque |
| Publié: |
Bratislava
SÚVAHA
2005
|
| Sujets: | |
| Tags: |
Pas de tags, Soyez le premier à ajouter un tag!
|
MARC
| LEADER | 00000nam$a2200000$$$4500 | ||
|---|---|---|---|
| 001 | 0039158 | ||
| 005 | 20240502071502.7 | ||
| 020 | |a 80-88727-93-6 | ||
| 041 | 0 | |a slo | |
| 044 | |a SK | ||
| 245 | 1 | 0 | |a Účtovná závierka podnikateľov za rok 2005 |c Anna Šlosárová |
| 264 | 1 | |a Bratislava |b SÚVAHA |c 2005 | |
| 300 | |a 182 s. | ||
| 610 | 2 | 0 | |a závierka účtovná |
| 610 | 2 | 0 | |a podnikatelia |
| 610 | 2 | 0 | |a úpravy právne |
| 610 | 2 | 0 | |a predpisy právne |
| 610 | 2 | 0 | |a analýzy |
| 610 | 2 | 0 | |a prípady účtovné |
| 610 | 2 | 0 | |a zápisy účtovné |
| 610 | 2 | 0 | |a jednotka účtovná |
| 610 | 2 | 0 | |a štandardy účtovné medzinárodné |
| 610 | 2 | 0 | |a normy účtovné |
| 610 | 2 | 0 | |a osnova účtová |
| 610 | 2 | 0 | |a IAS/IFRS |
| 100 | 1 | |a Šlosárová, Anna | |